Popular religion.

Bibliographic Details
Main Author: Schneider, Louis, 1915-
Other Authors: Dornbusch, Sanford M.
Format: Book
Language:English
Published: [Chicago] : University of Chicago Press, [1958]
Subjects:

MARC

Tag First Indicator Second Indicator Subfields
LEADER 00000cam a2200000 4500
001 in00000038413
005 20151007081027.0
008 720821s1958 eng u
010 |a  58011958  
035 |a (OCoLC)00385956 
035 |9 AAF5765AM 
040 |c WSU  |d OCL  |d TXA  |d UtOrBLW 
049 |a TXAM  |c [298234] 
050 0 |a BV4818  |b .S36 
092 |a 240  |b S359p 
100 1 |a Schneider, Louis,  |d 1915- 
245 1 0 |a Popular religion. 
264 1 |a [Chicago] :  |b University of Chicago Press,  |c [1958] 
300 |a 173 pages 
336 |a text  |b txt  |2 rdacontent 
337 |a unmediated  |b n  |2 rdamedia 
338 |a volume  |b nc  |2 rdacarrier 
504 |a Includes bibliographical references. 
650 0 |a Devotional literature  |x History and criticism. 
650 0 |a Religion and sociology. 
651 0 |a United States  |x Religion. 
700 1 |a Dornbusch, Sanford M. 
999 |a MARS 
999 f f |s a13a71ab-5db7-3c5b-b21e-f519fcb4c456  |i f2a83636-abdb-31fc-80b3-a20398fa4af9  |t 0 
952 f f |p ric  |a Texas A&M University  |b Rellis Campus  |c Joint Library Facility  |d Remote Storage  |t 0  |e BV4818 .S36  |h Library of Congress classification  |i unmediated -- volume  |m A14800609550 
998 f f |a BV4818 .S36  |t 0  |l Remote Storage